| 000 | 02157nam a2200325 i 4500 | ||
|---|---|---|---|
| 003 | DO-SdBNP | ||
| 005 | 20250129132958.0 | ||
| 007 | ta | ||
| 008 | 240509e1994 dr ad||| |||| 00| 0 spa d | ||
| 040 |
_aDO-SdBNP _bspa _cBNPHU _erda |
||
| 082 | 4 |
_axxx _bL181m 1994 _222 |
|
| 100 | 1 |
_aLagual, Valentina, _eautora} _985420 _4aut. |
|
| 245 | 1 | 0 |
_aMatemática y ciencias naturales 3º : _blibro del alumno / _cValentina Lagual, Mercedes Almonte Valdez, Andrea Griselda Rincón Ozuna, Carmen Elena Cruz. |
| 246 | 1 | 3 |
_aMatemática y ciencias naturales tercer grado : _blibro del alumno |
| 264 | 1 |
_aSanto Domingo : _bPrograma de Mejoramiento de la Educación Básica, _c1994. |
|
| 300 |
_a158 páginas : _bilustraciones, gráficos ; _c26 cm. |
||
| 336 |
_atexto _btxt _2rdacontent |
||
| 337 |
_asin mediación _bn _2rdamedia |
||
| 338 |
_avolumen _bnc _2rdacarrier |
||
| 500 | _aLibro del alumno 3º grado. | ||
| 500 | _aCon: Matemática, páginas 1 - 70 / Valentina Lagual y Mercedes Almonte Valdez, Con: Ciencias Naturales, páginas 70 - 158 / Andrea Griselda Rincón Ozuna y Carmen Elena Cruz. | ||
| 505 |
_aCiancias Naturales / _rAndrea Griselda Rincón Ozuna y Carmen Elena Cruz-- _tUnidad I: Nuestro ambiente natural-- _tUnidad II: Funciones de los seres vivos-- _tUnidad III: ¿Cómo se reproducen los seres vivos?-- _tUnidad IV: Plantas y animales como recursos naturales-- _tUnidad V: ¿Qué es materia? ¿cómo se presenta?-- _tUnidad VI: La naturaleza: fuente de luz, calor y sonido. |
||
| 505 |
_aMatemática / _rValentina Lagual y Mercedes Almonte Valdez-- _tUnidad I: Sistema de Numeración-- _tUnidad II: Geometría-- _tUnidad III : Operaciones entre Números Nturales-- _tUnidad IV : Geometría}-- _tUnidad V : Números de Fracciones-- _tUnidad VI : Medidas-- _tUnidad VII : Introducción a la Estadística. |
||
| 590 | _aInventariado 2024 / MF | ||
| 700 |
_aAlmonte Valdez, Valdez, _eautor _985421 _4aut. |
||
| 700 | 1 |
_aRincón Ozuna, Andrea Griselda, _974870 _eautor _4aut. |
|
| 700 | 1 |
_aCruz, Carmen Elena, _936937 _eautor _4aut. |
|
| 710 | 1 |
_aRepública Dominicana _bSecretaría de Estado de Educación, Bellas Artes y Cultos _957502 |
|
| 942 |
_2ddc _cLBS1 |
||
| 999 |
_c56621 _d56621 |
||